अज्ञेय रचनावली (Record no. 115802)

MARC details
000 -LEADER
fixed length control field 01135nam a2200277Ia 4500
003 - CONTROL NUMBER IDENTIFIER
control field OSt
005 - DATE AND TIME OF LATEST TRANSACTION
control field 20220918110927.0
008 - FIXED-LENGTH DATA ELEMENTS--GENERAL INFORMATION
fixed length control field 220915b |||||||| |||| 00| 0 hin d
020 ## - INTERNATIONAL STANDARD BOOK NUMBER
International Standard Book Number 9788126330126 (hbk)
037 ## - SOURCE OF ACQUISITION
Terms of availability Reference Collections
040 ## - CATALOGING SOURCE
Original cataloging agency ARTS
Transcribing agency ARTS
Language of cataloging hin
041 ## - LANGUAGE CODE
Source of code hin
Language code of text/sound track or separate title hin
100 ## - MAIN ENTRY--PERSONAL NAME
Personal name पालीवाल, कृष्णदत्त, संपा.
245 #0 - TITLE STATEMENT
Title अज्ञेय रचनावली
246 ## - VARYING FORM OF TITLE
Title proper/short title Ajnyeya rachanāvalī
260 ## - PUBLICATION, DISTRIBUTION, ETC.
Place of publication, distribution, etc. नई दिल्ली
Name of publisher, distributor, etc. भारतीय ज्ञानपीठ भारत
Date of publication, distribution, etc. 2011
300 ## - PHYSICAL DESCRIPTION
Extent 284पृ0
490 ## - SERIES STATEMENT
Volume/sequential designation खंड 6
Series statement लोकोदय ग्रन्थमाला; ग्रन्थांक 1080
650 ## - SUBJECT ADDED ENTRY--TOPICAL TERM
Topical term or geographic name entry element हिन्दी साहित्य
942 ## - ADDED ENTRY ELEMENTS (KOHA)
Classification part O152,1N11x, Q1.6(RR)
Koha item type Reference
Holdings
Withdrawn status Lost status Damaged status Not for loan Home library Current library Date acquired Source of acquisition Cost, normal purchase price Serial Enumeration / chronology Total Checkouts Full call number Barcode Date last seen Cost, replacement price Price effective from Koha item type
        Arts Library Arts Library 2022-09-18 251, 24/10/2013, Swaraj Prakashan 600.00 खंड 6   O152,1N11x Q1.6(RR) AL1569360 2022-09-18 600.00 2022-09-18 Reference
Copyright @ Delhi University Library System